000 00458cam a2200145 4500500
005 20260405001138.0
041 _afre
042 _adc
100 1 0 _aCerf, Juliette
_eauthor
245 0 0 _aJeanne Balibar. Voix enchantée
260 _c2011.
500 _a52
786 0 _nPhilosophie magazine | 51 | 7 | 2011-07-01 | p. 58-58 | 1951-1787
856 4 1 _uhttps://shs.cairn.info/magazine-philosophie-magazine-2011-7-page-58?lang=fr&redirect-ssocas=7080
999 _c2044547
_d2044547